<The> Influence of Demographic Development on Risk Factors of Pension Insurance System in SR

Popis dôchodkového systému na Slovensku. Niektoré problémy dôchodkovej reformy. Aktuárske analýzy zabezpečovania budúcich dôchodkov. Faktory ovplyvňujúce náklady dôchodkových fondov.

Uložené v:
Podrobná bibliografia
Hlavný autor: Škrovánková, Lea, 1954-
Ďalší autori: Simonka, Zsolt, 1974-
Médium: Kapitola
Jazyk:Slovak
Predmet:
Tagy: Pridať tag
Žiadne tagy, Buďte prvý, kto otaguje tento záznam!

MARC

LEADER 00000naa$a2200000$$$4500
001 0260539
005 20240502083745.0
041 0 |a slo 
044 |a CZ 
245 1 0 |a <The> Influence of Demographic Development on Risk Factors of Pension Insurance System in SR  |c Lea Škrovánková, Zsolt Simonka 
520 |a Popis dôchodkového systému na Slovensku. Niektoré problémy dôchodkovej reformy. Aktuárske analýzy zabezpečovania budúcich dôchodkov. Faktory ovplyvňujúce náklady dôchodkových fondov. 
610 2 0 |a dôchodky 
610 2 0 |a poistenie dôchodkové 
610 2 0 |a demografia 
610 2 0 |a systémy dôchodkové 
610 2 0 |a Slovensko 
100 1 |a Škrovánková, Lea, 1954- 
700 1 |a Simonka, Zsolt, 1974-